000 00988nam a22001817a 4500
003 OSt
005 20251121092350.0
008 251121b |||||||| |||| 00| 0 eng d
040 _cDCL
082 _a၂၉၄.၃၈၂၃၅၈
130 _aတိပိဋက။
_pသုတ္တန္တပိဋက။
_pခုဒ္ဒကနိကာယ။
_tနေတ္ထိ၊
_lအဋ္ဌကထာ၊
_sနိဿယ။
245 _aနေတ္ထိအဋ္ဌကထာနိဿယ ၊
_nပထမတွဲ /
_cအရှင်သဒ္ဓမ္မနန္ဒီ။
264 _aရန်ကုန် ၊
_bသိဒ္ဓိမြိုင်ပုံနှိပ်တိုက်၊
_c၂၀၀၆။
300 _a၄၉၆ စာမျက်နှာ ၊
_c၂၅ စင်တီ။
650 _aနေတ္ထိ
_vအဋ္ဌကထာနိဿယ။
700 _aသဒ္ဓမ္မနန္ဒီ၊ အရှင်
942 _2ddc
_cSHORT TERM
_n0
999 _c2559
_d2559